The mimosa tree / (Record no. 2863)

MARC details
000 -LEADER
fixed length control field 01024nam a2200301 4500
001 - CONTROL NUMBER
control field 2863
003 - CONTROL NUMBER IDENTIFIER
control field FISKH
005 - DATE AND TIME OF LATEST TRANSACTION
control field 20240118153703.0
008 - FIXED-LENGTH DATA ELEMENTS--GENERAL INFORMATION
fixed length control field 701117s1970 pau j 000 1 eng
010 ## - LIBRARY OF CONGRESS CONTROL NUMBER
LC control number 71117236
020 ## - INTERNATIONAL STANDARD BOOK NUMBER
International Standard Book Number 019271404
040 ## - CATALOGING SOURCE
Original cataloging agency DLC
Transcribing agency DLC
Modifying agency DLC
042 ## - AUTHENTICATION CODE
Authentication code lcac
050 00 - LIBRARY OF CONGRESS CALL NUMBER
Classification number PZ7.C57926
Item number Mi
082 00 - DEWEY DECIMAL CLASSIFICATION NUMBER
Classification number [Fic]
100 1# - MAIN ENTRY--PERSONAL NAME
Personal name Cleaver, Vera.
245 14 - TITLE STATEMENT
Title The mimosa tree /
Statement of responsibility, etc. Vera and Bill Cleaver.
250 ## - EDITION STATEMENT
Edition statement This edition published in 1977
260 ## - PUBLICATION, DISTRIBUTION, ETC.
Place of publication, distribution, etc. London :
Name of publisher, distributor, etc. Oxford University Press,
Date of publication, distribution, etc. 1970
300 ## - PHYSICAL DESCRIPTION
Extent 109 pages :
Dimensions 23 cm
350 ## - PRICE (NR) (BK AM CF MU VM SE) [OBSOLETE]
Price 3.95
520 ## - SUMMARY, ETC.
Summary, etc. Shortly after the Proffitts arrive in the Chicago slums from North Carolina, the stepmother leaves the family and fourteen-year-old Marvella becomes the sole support for her blind father and the four younger children.
650 #1 - SUBJECT ADDED ENTRY--TOPICAL TERM
Topical term or geographic name entry element City and town life
General subdivision Fiction.
650 #1 - SUBJECT ADDED ENTRY--TOPICAL TERM
Topical term or geographic name entry element Social problems
General subdivision Fiction.
700 1# - ADDED ENTRY--PERSONAL NAME
Personal name Cleaver, Bill,
Relator term Author
906 ## - LOCAL DATA ELEMENT F, LDF (RLIN)
a 7
b cbc
c orignew
d 4
e ncip
f 19
g y-gencatlg
942 ## - ADDED ENTRY ELEMENTS (KOHA)
Source of classification or shelving scheme Dewey Decimal Classification
Koha item type Books
Suppress in OPAC No
Holdings
Withdrawn status Lost status Source of classification or shelving scheme Damaged status Not for loan Collection Home library Current library Shelving location Date acquired Total Checkouts Full call number Barcode Date last seen Price effective from Koha item type
    Dewey Decimal Classification     Fiction Footprints International School Library Network Toul Kork Campus Footprints International School Library Network Toul Kork Campus   01/18/2024   VER Fic PZ7.C57926 FIS00850 01/18/2024 01/18/2024 Books